000 00484nam a22001937a 4500
003 MPLRDC
005 20220104142517.0
008 210129b ||||| |||| 00| 0 eng d
020 _a978-986-6238-34-5
082 _a411.1 KLQ-2
100 _a孔令谦
245 _a会吃才健康
_c
250 _a初版
260 _a台湾
_b源桦出版事业股份有限公司
_c2011
300 _b443
490 _a中医养生志: 24
650 _a健康法
942 _cBK
_o411.1 KLQ-2
999 _c31472
_d31462